Comparative social policy analysis and active labour market policy (Registro nro. 47623)
[ vista simple ]
| 000 -CABECERA | |
|---|---|
| Longitud fija campo de control | 01258naa a2200313 c 4500 |
| 001 - NÚMERO DE CONTROL | |
| Número de control | 47623 |
| 003 - IDENTIFICADOR DE NÚMERO DE CONTROL | |
| Identificador del número de control | ES-MaCES |
| 005 - FECHA Y HORA DE LA ÚLTIMA TRANSACCIÓN | |
| Fecha y hora de la última transacción | 20160505131039.0 |
| 008 - CAMPO FIJO DE DESCRIPCIÓN FIJA--INFORMACIÓN GENERAL | |
| Códigos de información de longitud fija | 160505s2016 uk ||||| t||||||| ||eng d |
| 040 ## - FUENTE DE CATALOGACIÓN | |
| Centro catalogador de origen | ES-MaCES |
| Lengua de catalogación | spa |
| Centro transcriptor | ES-MaCES |
| Centro modificado | ES-MaCES |
| 100 1# - ENCABEZAMIENTO PRINCIPAL--NOMBRE PERSONAL | |
| 9 (RLIN) | 9690 |
| Nombre de persona | Clasen, Jochen |
| 245 10 - MENCIÓN DE TÍTULO | |
| Título | Comparative social policy analysis and active labour market policy |
| Resto del título | : putting quality before quantity |
| Mención de responsabilidad, etc. | Jochen Clasen, Daniel Clegg, Alexander Goerne |
| 500 ## - NOTA GENERAL | |
| Nota general | Resumen |
| 504 ## - NOTA DE BIBLIOGRAFÍA, ETC. | |
| Nota de bibliografía, etc. | Bibliografía: p. 36-38 |
| 650 #4 - ASIENTO SECUNDARIO DE MATERIA--TÉRMINO DE MATERIA | |
| 9 (RLIN) | 27029 |
| Término de materia o nombre geográfico como elemento inicial | política social |
| 650 #4 - ASIENTO SECUNDARIO DE MATERIA--TÉRMINO DE MATERIA | |
| 9 (RLIN) | 28292 |
| Término de materia o nombre geográfico como elemento inicial | mercado de trabajo |
| 650 #4 - ASIENTO SECUNDARIO DE MATERIA--TÉRMINO DE MATERIA | |
| 9 (RLIN) | 28300 |
| Término de materia o nombre geográfico como elemento inicial | política de empleo |
| 650 #4 - ASIENTO SECUNDARIO DE MATERIA--TÉRMINO DE MATERIA | |
| 9 (RLIN) | 30270 |
| Término de materia o nombre geográfico como elemento inicial | fomento del empleo |
| 650 #4 - ASIENTO SECUNDARIO DE MATERIA--TÉRMINO DE MATERIA | |
| 9 (RLIN) | 29242 |
| Término de materia o nombre geográfico como elemento inicial | creación de empleos |
| 650 #4 - ASIENTO SECUNDARIO DE MATERIA--TÉRMINO DE MATERIA | |
| 9 (RLIN) | 29481 |
| Término de materia o nombre geográfico como elemento inicial | Estado-Benefactor |
| 650 #4 - ASIENTO SECUNDARIO DE MATERIA--TÉRMINO DE MATERIA | |
| 9 (RLIN) | 28892 |
| Término de materia o nombre geográfico como elemento inicial | comparación |
| 650 #4 - ASIENTO SECUNDARIO DE MATERIA--TÉRMINO DE MATERIA | |
| 9 (RLIN) | 29055 |
| Término de materia o nombre geográfico como elemento inicial | país de la OCDE |
| 653 10 - TÉRMINO DE INDEXACIÓN--NO CONTROLADO | |
| Término no controlado | Asuntos Sociales |
| 700 1# - ENCABEZAMIENTO SECUNDARIO--NOMBRE PERSONAL | |
| 9 (RLIN) | 9711 |
| Nombre de persona | Clegg, Daniel |
| 700 1# - ENCABEZAMIENTO SECUNDARIO--NOMBRE PERSONAL | |
| 9 (RLIN) | 36871 |
| Nombre de persona | Goerne, Alexander |
| 773 0# - ENTRADA DE DOCUMENTO FUENTE | |
| Itemnumber del ítem fuente | 84339 |
| Lugar, editor y fecha de publicación | Cambridge (The Edinburg Building, Shatesbury Road, CB2 2RU), [etc.] Cambridge University Press [ca. 1971]- |
| Otro identificador del documento | 087241 |
| Título | Journal of social policy |
| Número de control del registro relacionado | (ES-MaCES)25625 |
| Parte(s) relacionada(s) | vol. 45, part. 2 (Apr. 2016) {10620 R. 087241} ;p. 21-38 |
| 902 ## - CES. TIPO DE DOCUMENTO | |
| Tipodoc (006$c Sirtex) | ART Artículo de revista |
| 942 ## - ELEMENTOS KOHA | |
| Fuente de clasificaión o esquema | Clasificación propia del CES |
| Koha [por defecto] tipo de item | Artículos (1982-2017) |
| Parte de clasificación | Asuntos Sociales |
No hay ítems disponibles.
